[Event "British Columbia-Washington m-A"]
[Site "Victoria"]
[Date "2018.01.12"]
[Round "1"]
[White "Wu, Howard"]
[Black "Chen, Howard"]
[Result "0-1"]
[WhiteElo "2213"]
[BlackElo "2416"]
[PlyCount "80"]
[EventDate "2018.01.12"]
[EventType "team"]
[EventRounds "5"]
[EventCountry "CAN"]
[SourceTitle "EXT 2022"]
[Source "ChessBase"]
[SourceDate "2021.10.06"]
[SourceVersion "1"]
[SourceVersionDate "2021.10.06"]
[SourceQuality "1"]

1. e4 g6 2. d4 Bg7 3. Nf3 d6 4. Nc3 a6 5. Be3 b5 6. h3 Bb7 7. Bd3 Nd7 8. a4 b4 9. Ne2 c5 10. 0-0 Qc7 11. b3 Ngf6 12. Ng3 0-0 13. Rc1 cxd4 14. Nxd4 e5 15. Nde2 d5 16. c3 bxc3 17. Nxc3 d4 18. Nd5 Qd6 19. Nxf6+ Nxf6 20. Bd2 h5 21. Bg5 Nh7 22. Qd2 Nxg5 23. Qxg5 Bc8 24. Bc4 Rb8 25. Rfd1 Kh7 26. Rc2 Be6 27. Rd3 Bxc4 28. Rxc4 Bh6 29. Qh4 Rfc8 30. Rxc8 Rxc8 31. Nf1 Kg7 32. Qg3 Rc1 33. Qf3 Qb4 34. Qe2 a5 35. Rf3 Rc3 36. Qd1 Rxf3 37. gxf3 Qc3 38. Kg2 d3 39. f4 Bxf4 40. Kf3 Qc2 0-1

[Event "CAN-ch op 49th"]
[Site "Victoria"]
[Date "2012.07.13"]
[Round "9"]
[White "Cheng, Jack"]
[Black "Chen, Howard"]
[Result "0-1"]
[WhiteElo "1987"]
[BlackElo "2357"]
[PlyCount "74"]
[EventDate "2012.07.08"]
[EventType "swiss"]
[EventRounds "9"]
[EventCountry "CAN"]
[SourceTitle "CBM 149 Extra"]
[Source "ChessBase"]
[SourceDate "2012.08.24"]
[SourceVersion "1"]
[SourceVersionDate "2012.08.24"]
[SourceQuality "1"]

1. e4 d6 2. d4 g6 3. Nc3 Bg7 4. Be3 a6 5. Qd2 Nd7 6. f3 b5 7. Nh3 Bb7 8. Be2 c5 9. a4 b4 10. Nd1 Qa5 11. b3 cxd4 12. Bxd4 Ngf6 13. Nb2 e5 14. Nc4 Qc7 15. Qxb4 0-0 16. Bb6 Nxb6 17. Qxb6 Qxb6 18. Nxb6 Rab8 19. a5 d5 20. exd5 Nxd5 21. Nd7 e4 22. Rd1 Nc3 23. Rd2 Rfe8 24. Nxb8 exf3 25. gxf3 Bxf3 26. Ng1 Bxh1 27. Nxa6 Nxe2 28. Rxe2 Ra8 29. Nc7 Bc3+ 30. Kf1 Rxa5 31. Re8+ Kg7 32. Ne2 Be5 33. Re7 Kf6 34. Rd7 Bc6 35. Ne8+ Ke6 36. Rd8 Ke7 37. Nd4 Bxe8 0-1

[Event "CAN-ch op 49th"]
[Site "Victoria"]
[Date "2012.07.12"]
[Round "8"]
[White "Chen, Howard"]
[Black "Yam, Alex"]
[Result "0-1"]
[WhiteElo "2357"]
[BlackElo "2252"]
[PlyCount "80"]
[EventDate "2012.07.08"]
[EventType "swiss"]
[EventRounds "9"]
[EventCountry "CAN"]
[SourceTitle "CBM 149 Extra"]
[Source "ChessBase"]
[SourceDate "2012.08.24"]
[SourceVersion "1"]
[SourceVersionDate "2012.08.24"]
[SourceQuality "1"]

1. d4 Nf6 2. Nf3 c5 3. d5 e6 4. Nc3 d6 5. e4 e5 6. Bb5+ Nbd7 7. a4 g6 8. h3 a6 9. Bd3 Qc7 10. Qe2 Nh5 11. g3 b6 12. Nd1 Bg7 13. c4 0-0 14. Nh4 Qd8 15. Ng2 Ra7 16. g4 Nf4 17. Nxf4 exf4 18. Bxf4 Ne5 19. Rg1 Kh8 20. Bc2 Qh4 21. Ra3 f5 22. Bg3 Qd8 23. f4 Nf7 24. gxf5 gxf5 25. Bf2 Qf6 26. Qh5 fxe4 27. Bh4 Qh6 28. Qxh6 Nxh6 29. Rb3 Nf5 30. Bf2 Nd4 31. Bxd4 cxd4 32. Bxe4 Re7 33. Nf2 Bf5 34. Kd2 Bxe4 35. Nxe4 Rxe4 36. Rxb6 Rexf4 37. Rxd6 Rf2+ 38. Kc1 d3 39. Rc6 Bxb2+ 40. Kb1 Bd4 0-1

[Event "CAN-ch op 49th"]
[Site "Victoria"]
[Date "2012.07.09"]
[Round "4"]
[White "Chen, Howard"]
[Black "Kong, Dezheng"]
[Result "1-0"]
[WhiteElo "2357"]
[BlackElo "2057"]
[PlyCount "105"]
[EventDate "2012.07.08"]
[EventType "swiss"]
[EventRounds "9"]
[EventCountry "CAN"]
[SourceTitle "CBM 149 Extra"]
[Source "ChessBase"]
[SourceDate "2012.08.24"]
[SourceVersion "1"]
[SourceVersionDate "2012.08.24"]
[SourceQuality "1"]

1. d4 Nf6 2. Nf3 g6 3. c4 Bg7 4. g3 0-0 5. Bg2 d6 6. 0-0 Nbd7 7. Nc3 e5 8. e4 c6 9. h3 Qb6 10. c5 dxc5 11. dxe5 Ne8 12. Qc2 Qa6 13. Be3 Nc7 14. Rfd1 Ne6 15. Ne2 c4 16. Nf4 Nxe5 17. Nxe5 Bxe5 18. Nxe6 Bxe6 19. f4 Bg7 20. f5 Bc8 21. Kh1 Qb5 22. g4 Qxb2 23. Qxc4 Qc3 24. Qe2 Re8 25. Rac1 Qa3 26. Qf2 b5 27. Bc5 Qa5 28. Bd4 g5 29. Bxg7 Kxg7 30. Qb2+ f6 31. Rd6 Re5 32. Rxf6 b4 33. Rfxc6 Kf7 34. Rc7+ Ke8 35. Rxc8+ Rxc8 36. Rxc8+ Kd7 37. Qc2 Qb6 38. Rh8 Rc5 39. Qd3+ Kc7 40. Rxh7+ Kb8 41. Rh8+ Kc7 42. Qd8+ Kc6 43. Rh6+ Kb5 44. Rxb6+ axb6 45. f6 Rc1+ 46. Kh2 Ra1 47. f7 Rxa2 48. Qd5+ Ka6 49. Qxa2+ Kb7 50. e5+ Kc7 51. Qa7+ Kd8 52. e6 b3 53. Qd7# 1-0

[Event "Pacific Coast op 16th"]
[Site "Agoura Hills"]
[Date "2011.07.17"]
[Round "5"]
[White "Chen, Howard"]
[Black "Amanov, Zhanibek"]
[Result "1-0"]
[WhiteElo "2293"]
[BlackElo "2382"]
[PlyCount "111"]
[EventDate "2011.07.14"]
[EventType "swiss"]
[EventRounds "6"]
[EventCountry "USA"]
[SourceTitle "EXT 2013"]
[Source "ChessBase"]
[SourceDate "2012.11.22"]
[SourceVersion "1"]
[SourceVersionDate "2012.11.22"]
[SourceQuality "1"]

1. d4 g6 2. e4 Bg7 3. Nf3 c5 4. c3 cxd4 5. cxd4 d5 6. exd5 Nf6 7. Nc3 Nxd5 8. Bc4 Nb6 9. Be2 Nc6 10. Be3 0-0 11. 0-0 Nd5 12. Qd2 Nxe3 13. fxe3 b6 14. Rad1 Bb7 15. Kh1 Qd7 16. a3 Rad8 17. Bc4 Qg4 18. Qe2 e6 19. h3 Qg3 20. Ne4 Qc7 21. Nfg5 Qe7 22. Rxf7 Rxf7 23. Bxe6 Rdf8 24. Bxf7+ Rxf7 25. Nxf7 Kxf7 26. Qc4+ Ke8 27. Qg8+ Kd7 28. d5 Nd8 29. Qxh7 Bxb2 30. Qxg6 Nf7 31. Qf5+ Kd8 32. Rf1 Ne5 33. Ng5 Ke8 34. e4 Bxa3 35. Ne6 Bd6 36. Qh5+ Kd7 37. Rf8 Nc4 38. Qg4 b5 39. Rg8 Qf6 40. Rg7+ Be7 41. Nc5+ Kc7 42. Qd7+ Kb6 43. Qxb7+ Kxc5 44. Qxa7+ Kd6 45. Rg6 Qxg6 46. Qa6+ Kc5 47. Qxg6 b4 48. Qg3 Bd6 49. Qd3 Ne5 50. Qc2+ Kd4 51. h4 Nd3 52. h5 Bf4 53. g3 Bxg3 54. h6 Be5 55. h7 Nc5 56. d6 1-0

[Event "Pacific Coast op 16th"]
[Site "Agoura Hills"]
[Date "2011.07.15"]
[Round "1"]
[White "Chen, Howard"]
[Black "Xue, Robert"]
[Result "1-0"]
[WhiteElo "2293"]
[BlackElo "1939"]
[PlyCount "59"]
[EventDate "2011.07.14"]
[EventType "swiss"]
[EventRounds "6"]
[EventCountry "USA"]
[SourceTitle "EXT 2013"]
[Source "ChessBase"]
[SourceDate "2012.11.22"]
[SourceVersion "1"]
[SourceVersionDate "2012.11.22"]
[SourceQuality "1"]

1. d4 Nf6 2. Nf3 d5 3. e3 e6 4. Bd3 c5 5. b3 Nc6 6. 0-0 Bd6 7. Bb2 0-0 8. a3 a6 9. Ne5 cxd4 10. exd4 Qc7 11. Qe2 b5 12. Nd2 Bb7 13. f4 b4 14. a4 a5 15. Kh1 Qb6 16. Rae1 Nxd4 17. Qf2 Bc5 18. Qg3 Ba6 19. f5 exf5 20. Ndf3 Nxf3 21. Nd7 f4 22. Bxh7+ Kh8 23. Qxf3 Qd6 24. Nxf6 gxf6 25. Qh5 Kg7 26. Qg5+ Kxh7 27. Qh5+ Kg8 28. Qg4+ Kh7 29. Rf3 f5 30. Qg7# 1-0

[Event "Chicago op 20th"]
[Site "Wheeling"]
[Date "2011.05.26"]
[Round "1"]
[White "Kacheishvili, Giorgi"]
[Black "Chen, Howard"]
[Result "1-0"]
[WhiteElo "2599"]
[BlackElo "2297"]
[PlyCount "93"]
[EventDate "2011.05.26"]
[EventType "swiss"]
[EventRounds "9"]
[EventCountry "USA"]
[SourceTitle "CBM 142 Extra"]
[Source "ChessBase"]
[SourceDate "2011.06.27"]
[SourceVersion "1"]
[SourceVersionDate "2011.06.27"]
[SourceQuality "1"]

1. d4 Nf6 2. c4 g6 3. Nc3 d5 4. Bg5 Ne4 5. Bf4 Nxc3 6. bxc3 Bg7 7. e3 0-0 8. Nf3 c5 9. cxd5 Qxd5 10. Be2 Nc6 11. 0-0 cxd4 12. cxd4 Rd8 13. h3 b6 14. Qb3 e6 15. Qxd5 exd5 16. Rfc1 Bb7 17. Nd2 Bf8 18. a4 Bb4 19. Nb3 Rac8 20. Bg5 Re8 21. Bf3 Na5 22. Nxa5 Bxa5 23. Bf6 Bd2 24. Rcb1 Re6 25. Be5 f6 26. Bg4 f5 27. Bf3 Bc3 28. Ra2 Ba5 29. Rb5 Rd8 30. Rc2 Rd7 31. g4 Kf7 32. Kg2 a6 33. Rb1 Rc6 34. Rbc1 Rxc2 35. Rxc2 Ke6 36. gxf5+ gxf5 37. Kg3 Rd8 38. Rc7 Rd7 39. Rc1 Rd8 40. Kf4 Rc8 41. Rg1 Rc2 42. Rg7 Bc6 43. Bh5 Rxf2+ 44. Kg3 Be1 45. Bf7+ Ke7 46. Bxd5+ Kf8 47. Bxc6 1-0

[Event "Keres Memorial 36th"]
[Site "Vancouver"]
[Date "2011.05.21"]
[Round "2"]
[White "Chen, Howard"]
[Black "Pechisker, Alfred"]
[Result "1-0"]
[WhiteElo "2297"]
[BlackElo "2192"]
[PlyCount "59"]
[EventDate "2011.05.20"]
[EventType "swiss"]
[EventRounds "7"]
[EventCountry "CAN"]
[SourceTitle "CBM 142 Extra"]
[Source "ChessBase"]
[SourceDate "2011.06.27"]
[SourceVersion "1"]
[SourceVersionDate "2011.06.27"]
[SourceQuality "1"]

1. g3 Nf6 2. Bg2 g6 3. e4 d6 4. Ne2 Bg7 5. 0-0 0-0 6. f4 c5 7. Nbc3 Nc6 8. h3 Rb8 9. g4 Nd7 10. d3 Nd4 11. Ng3 b5 12. Nd5 b4 13. g5 Nb6 14. Ne3 e5 15. f5 Qxg5 16. Kh2 Qh4 17. c3 Nc6 18. Bd2 bxc3 19. bxc3 Ba6 20. f6 Bxf6 21. Nef5 gxf5 22. Nxf5 Qf4+ 23. Rxf4 exf4 24. Bxf4 Ne5 25. d4 cxd4 26. cxd4 Nbc4 27. dxe5 Nxe5 28. Rb1 Rbc8 29. Qxd6 Rc6 30. Ne7+ 1-0

[Event "Washington State-ch"]
[Site "Seattle"]
[Date "2011.02.21"]
[Round "9"]
[White "Greninger, Harley"]
[Black "Chen, Howard"]
[Result "0-1"]
[WhiteElo "2215"]
[BlackElo "2260"]
[PlyCount "54"]
[EventDate "2011.02.11"]
[EventType "tourn"]
[EventRounds "9"]
[EventCountry "USA"]
[EventCategory "1"]
[SourceTitle "EXT 2017"]
[Source "ChessBase"]
[SourceDate "2016.10.25"]
[SourceVersion "1"]
[SourceVersionDate "2016.10.25"]
[SourceQuality "1"]

1. d4 Nf6 2. Nf3 g6 3. Nc3 d5 4. Bf4 Bg7 5. e3 0-0 6. Be2 b6 7. Ne5 Bb7 8. h4 c5 9. h5 Nc6 10. hxg6 fxg6 11. Bg4 Nxe5 12. dxe5 Nxg4 13. Qxg4 Qc8 14. Qh4 h5 15. 0-0-0 Qe6 16. Qh2 Rad8 17. Kb1 d4 18. Ne2 dxe3 19. fxe3 Qg4 20. Nc3 g5 21. Bg3 h4 22. Bf2 Rxd1+ 23. Nxd1 Qxg2 24. Qxg2 Bxg2 25. Rg1 h3 26. Bg3 Rf3 27. Bh2 g4 0-1

[Event "Washington State-ch"]
[Site "Seattle"]
[Date "2011.02.19"]
[Round "6"]
[White "Chen, Howard"]
[Black "Rohonyan, Katerina"]
[Result "1-0"]
[WhiteElo "2260"]
[BlackElo "2306"]
[PlyCount "67"]
[EventDate "2011.02.11"]
[EventType "tourn"]
[EventRounds "9"]
[EventCountry "USA"]
[EventCategory "1"]
[SourceTitle "EXT 2017"]
[Source "ChessBase"]
[SourceDate "2016.10.25"]
[SourceVersion "1"]
[SourceVersionDate "2016.10.25"]
[SourceQuality "1"]

1. Nf3 d5 2. d4 Nf6 3. c4 c6 4. e3 g6 5. b3 Bg7 6. Bb2 0-0 7. Nbd2 Nbd7 8. Be2 b6 9. 0-0 Bb7 10. Qc2 e6 11. b4 Qe7 12. c5 a5 13. a3 Ba6 14. Bxa6 Rxa6 15. Qd3 Rfa8 16. b5 cxb5 17. c6 Nb8 18. Rac1 Ne8 19. e4 dxe4 20. Nxe4 Nc7 21. Ne5 f6 22. Nf3 R6a7 23. Rfe1 Nba6 24. d5 Nxd5 25. Nd4 Nac7 26. Nxb5 f5 27. Nec3 Nxb5 28. Nxd5 Qd8 29. Qxb5 exd5 30. c7 Qf8 31. Qxd5+ Kh8 32. Bxg7+ Kxg7 33. Qd4+ Kg8 34. Qc4+ 1-0

[Event "Washington State-ch"]
[Site "Seattle"]
[Date "2011.02.13"]
[Round "4"]
[White "Chen, Howard"]
[Black "Cozianu, Costin"]
[Result "1/2-1/2"]
[WhiteElo "2260"]
[BlackElo "2446"]
[PlyCount "75"]
[EventDate "2011.02.11"]
[EventType "tourn"]
[EventRounds "9"]
[EventCountry "USA"]
[EventCategory "1"]
[SourceTitle "EXT 2017"]
[Source "ChessBase"]
[SourceDate "2016.10.25"]
[SourceVersion "1"]
[SourceVersionDate "2016.10.25"]
[SourceQuality "1"]

1. Nf3 d5 2. d4 c6 3. c4 Nf6 4. e3 e6 5. b3 Nbd7 6. Bd3 Bd6 7. Bb2 0-0 8. Nbd2 Qe7 9. Ne5 Bb4 10. a3 Bxd2+ 11. Qxd2 Nxe5 12. dxe5 Nd7 13. Rd1 Rd8 14. Bb1 Nf8 15. 0-0 b6 16. cxd5 Rxd5 17. Qe2 Bb7 18. Rxd5 cxd5 19. Bd3 Rc8 20. b4 Qd7 21. Bd4 Rc7 22. h3 Bc8 23. Ra1 Qa4 24. h4 Bd7 25. h5 h6 26. Qd1 Qxd1+ 27. Rxd1 Ba4 28. Rb1 Nd7 29. f4 a6 30. Kf2 Bb5 31. Bxb5 axb5 32. g4 f6 33. Rg1 fxe5 34. fxe5 Rc2+ 35. Kg3 Kf7 36. Ra1 Rc4 37. Kf4 Nb8 38. a4 1/2-1/2

[Event "Washington State-ch"]
[Site "Seattle"]
[Date "2011.02.12"]
[Round "1"]
[White "Perez, Ignacio"]
[Black "Chen, Howard"]
[Result "0-1"]
[WhiteElo "2249"]
[BlackElo "2260"]
[PlyCount "80"]
[EventDate "2011.02.11"]
[EventType "tourn"]
[EventRounds "9"]
[EventCountry "USA"]
[EventCategory "1"]
[SourceTitle "EXT 2017"]
[Source "ChessBase"]
[SourceDate "2016.10.25"]
[SourceVersion "1"]
[SourceVersionDate "2016.10.25"]
[SourceQuality "1"]

1. d4 Nf6 2. c4 g6 3. Nc3 d5 4. Bg5 Ne4 5. Nxe4 dxe4 6. Qd2 Bg7 7. 0-0-0 h6 8. Be3 e5 9. Qc2 0-0 10. dxe5 Qe7 11. Qxe4 Bf5 12. Qd4 Na6 13. Nf3 Nb4 14. Qc5 Nxa2+ 15. Kd2 Rfd8+ 16. Ke1 Nb4 17. Rc1 Nc2+ 18. Rxc2 Bxc2 19. Nd2 Qxc5 20. Bxc5 Bxe5 21. Ba3 Rd7 22. e3 Rad8 23. Nf3 Rd1+ 24. Ke2 Ra1 25. Nd4 Bxd4 26. exd4 Rxd4 27. f3 Rdd1 28. Kf2 b6 29. h4 c5 30. g4 Bd3 31. Bxd3 Rxh1 32. Kg3 g5 33. hxg5 hxg5 34. Kf2 Kg7 35. Ke3 Kf6 36. Be4 Ke5 37. Kd3 Kf4 38. Kc3 Rhf1 39. Kb3 Rxf3+ 40. Bxf3 Kxf3 0-1

[Event "US Open-111"]
[Site "Irvine"]
[Date "2010.07.31"]
[Round "1"]
[White "Hughes, Tyler B"]
[Black "Chen, Howard"]
[Result "1-0"]
[WhiteElo "2312"]
[BlackElo "2257"]
[PlyCount "74"]
[EventDate "2010.07.31"]
[EventType "swiss"]
[EventRounds "9"]
[EventCountry "USA"]
[SourceTitle "CBM 137 Extra"]
[Source "ChessBase"]
[SourceDate "2010.09.01"]
[SourceVersion "1"]
[SourceVersionDate "2010.09.01"]
[SourceQuality "1"]

1. d4 d5 2. c4 e6 3. Nc3 Be7 4. cxd5 exd5 5. Bf4 c6 6. e3 Bf5 7. g4 Bg6 8. h3 h6 9. Nf3 Nd7 10. Bd3 Bxd3 11. Qxd3 Ngf6 12. 0-0-0 Qa5 13. Kb1 0-0-0 14. Rc1 Rhf8 15. Nd2 Nb6 16. Qc2 Bd6 17. Nb3 Qa6 18. Qf5+ Kb8 19. Nc5 Qa5 20. Bxd6+ Rxd6 21. Qf4 Ne8 22. Qe5 Nc4 23. Qe7 Qb4 24. b3 Rh8 25. Ka1 Na5 26. Nxd5 Nxb3+ 27. axb3 Qa5+ 28. Kb1 Qb5 29. Nc3 Qb6 30. Nd7+ Rxd7 31. Qxd7 Qxb3+ 32. Ka1 Qa3+ 33. Na2 Nc7 34. Rc3 Qa5 35. Qd6 Kc8 36. Qb4 Qd5 37. Rb1 Nb5 1-0

[Event "US Open-111"]
[Site "Irvine"]
[Date "2010.07.31"]
[Round "1"]
[White "Zierk, Steven C"]
[Black "Chen, Howard"]
[Result "1-0"]
[WhiteElo "2385"]
[BlackElo "2257"]
[PlyCount "79"]
[EventDate "2010.07.31"]
[EventType "swiss"]
[EventRounds "9"]
[EventCountry "USA"]
[SourceTitle "CBM 137 Extra"]
[Source "ChessBase"]
[SourceDate "2010.09.01"]
[SourceVersion "1"]
[SourceVersionDate "2010.09.01"]
[SourceQuality "1"]

1. e4 d5 2. exd5 Qxd5 3. Nc3 Qd6 4. d4 Nf6 5. Bc4 a6 6. Nge2 Qc6 7. Bb3 Qxg2 8. Rg1 Qxh2 9. Bf4 Qh5 10. Bxc7 Bg4 11. Qd3 Qf5 12. Qc4 Bxe2 13. Qxe2 Nbd7 14. 0-0-0 g6 15. Kb1 Bh6 16. Rd3 Rc8 17. Bg3 Qg4 18. Qf1 0-0 19. Qg2 b5 20. Qh1 Qh5 21. Qb7 Ra8 22. Rh1 Qg5 23. f4 Qg4 24. Rh4 Qf5 25. Rxh6 Nh5 26. Qe4 Qxe4 27. Nxe4 Kg7 28. Rxh5 gxh5 29. Bh4 Rae8 30. f5 Nf6 31. Rg3+ Ng4 32. Bxe7 Rg8 33. f6+ Kh6 34. Nd6 h4 35. Rh3 Nxf6 36. Rxh4+ Kg5 37. Bxf6+ Kxf6 38. Nxe8+ Rxe8 39. Kc1 Kg6 40. Rg4+ 1-0

[Event "Washington State-ch"]
[Site "Seattle"]
[Date "2010.02.14"]
[Round "7"]
[White "Perez, Ignacio"]
[Black "Chen, Howard"]
[Result "0-1"]
[WhiteElo "2248"]
[BlackElo "2198"]
[PlyCount "114"]
[EventDate "2010.02.06"]
[EventType "tourn"]
[EventRounds "9"]
[EventCountry "USA"]
[SourceTitle "EXT 2017"]
[Source "ChessBase"]
[SourceDate "2016.10.25"]
[SourceVersion "1"]
[SourceVersionDate "2016.10.25"]
[SourceQuality "1"]

1. e4 c5 2. Nf3 d6 3. d4 cxd4 4. Nxd4 Nf6 5. Nc3 e6 6. g4 h6 7. Be3 Nc6 8. Be2 Be7 9. f4 Nd7 10. Nf3 a6 11. Qd2 b5 12. a3 Bb7 13. 0-0-0 Qa5 14. Nd4 b4 15. Nxc6 Bxc6 16. Na2 Bxe4 17. Rhf1 Rc8 18. Nxb4 d5 19. Bd3 Bxd3 20. Nxd3 Qxd2+ 21. Bxd2 0-0 22. Rf3 Rc4 23. Bb4 Bxb4 24. axb4 Rfc8 25. Rd2 Nf6 26. Rg2 d4 27. b3 Rc3 28. Ne5 Nd5 29. Rxc3 dxc3 30. Nd3 Rb8 31. Rg3 Kf8 32. h3 Ke7 33. Kb1 Kd6 34. Ka2 f6 35. Ka3 e5 36. fxe5+ fxe5 37. Nc5 Rxb4 38. Rxc3 e4 39. Nxe4+ Rxe4 40. Rc8 Nc7 41. c4 Re8 42. Rxe8 Nxe8 43. b4 g5 44. Ka4 Nc7 45. Ka5 Kc6 46. Ka4 Ne6 47. Ka5 Nc7 48. Ka4 Ne6 49. Ka5 Kb7 50. c5 Nd4 51. Ka4 Nc6 52. Kb3 Kc7 53. Kc4 Nxb4 54. Kxb4 Kc6 55. Kc4 a5 56. Kd4 a4 57. Kc4 a3 0-1

[Event "Washington State-ch"]
[Site "Seattle"]
[Date "2010.02.07"]
[Round "3"]
[White "Greninger, Harley"]
[Black "Chen, Howard"]
[Result "1/2-1/2"]
[WhiteElo "2237"]
[BlackElo "2198"]
[PlyCount "82"]
[EventDate "2010.02.06"]
[EventType "tourn"]
[EventRounds "9"]
[EventCountry "USA"]
[SourceTitle "EXT 2017"]
[Source "ChessBase"]
[SourceDate "2016.10.25"]
[SourceVersion "1"]
[SourceVersionDate "2016.10.25"]
[SourceQuality "1"]

1. d4 Nf6 2. Nf3 g6 3. Nc3 d5 4. Bf4 Bg7 5. e3 0-0 6. Be2 Nbd7 7. Ne5 c6 8. h4 h6 9. g4 Ne4 10. Nxe4 dxe4 11. Nc4 b6 12. c3 Bb7 13. Qb3 Qc8 14. 0-0-0 c5 15. d5 Rd8 16. g5 h5 17. Bf1 a6 18. Bh3 b5 19. Nb6 Nxb6 20. Bxc8 Raxc8 21. d6 e5 22. Bg3 Rd7 23. Qc2 c4 24. f4 Na4 25. fxe5 Nc5 26. Qh2 Nd3+ 27. Kb1 Bd5 28. Rhf1 Rb8 29. Ka1 a5 30. Rf6 Bxf6 31. gxf6 b4 32. Rxd3 cxd3 33. Be1 bxc3 34. Bxc3 a4 35. a3 Kh7 36. Kb1 Rb3 37. Bb4 Rd8 38. Ba5 Rd7 39. Bb4 Rd8 40. Ba5 Rd7 41. Qd2 Rdb7 1/2-1/2

[Event "Stillwater Thanksgiving op 1st"]
[Site "Stillwater"]
[Date "2009.11.27"]
[Round "2"]
[White "Chen, Howard"]
[Black "Veal, Joe Dean"]
[Result "0-1"]
[WhiteElo "2194"]
[BlackElo "2028"]
[PlyCount "74"]
[EventDate "2009.11.27"]
[EventType "swiss"]
[EventRounds "7"]
[EventCountry "USA"]
[SourceTitle "CBM 133 Extra"]
[Source "ChessBase"]
[SourceDate "2010.01.05"]
[SourceVersion "1"]
[SourceVersionDate "2010.01.05"]
[SourceQuality "1"]

1. e4 e6 2. d4 d5 3. e5 c5 4. c3 Nc6 5. Nf3 Qb6 6. Be2 f6 7. 0-0 fxe5 8. dxe5 Nh6 9. b3 Nf7 10. Bf4 Qc7 11. Bb5 Bd7 12. Bxc6 Bxc6 13. Nbd2 Be7 14. Qc2 g5 15. Bg3 0-0-0 16. a4 g4 17. Ne1 Nxe5 18. Nd3 Bd6 19. Bxe5 Bxe5 20. Nxc5 Bxh2+ 21. Kh1 Qf4 22. Nxe6 Qh6 23. Rfe1 Rde8 24. Qf5 Bf4+ 25. Kg1 Qh2+ 26. Kf1 Bxd2 27. Red1 Bd7 28. Qxd5 Rxe6 29. f3 g3 30. Qd4 Qh1+ 31. Qg1 Qxg1+ 32. Kxg1 Be3+ 33. Kf1 Bc6 34. Re1 h5 35. Re2 h4 36. Rae1 Rhe8 37. f4 Re4 0-1

[Event "USA tt"]
[Site "ICC INT"]
[Date "2009.09.08"]
[Round "2"]
[White "Sturt, Raven M"]
[Black "Chen, Howard"]
[Result "1/2-1/2"]
[WhiteElo "2068"]
[BlackElo "2201"]
[PlyCount "113"]
[EventDate "2009.08.31"]
[EventType "team (rapid)"]
[EventRounds "10"]
[EventCountry "USA"]
[SourceTitle "CBM 132 Extra"]
[Source "ChessBase"]
[SourceDate "2009.11.03"]
[SourceVersion "1"]
[SourceVersionDate "2009.11.03"]
[SourceQuality "1"]

1. d4 d5 2. Nf3 Nf6 3. g3 c6 4. Bg2 Bf5 5. 0-0 e6 6. c4 Nbd7 7. Qb3 Qb6 8. c5 Qxb3 9. axb3 Bxb1 10. Rxb1 Ne4 11. b4 Be7 12. Nd2 Nxd2 13. Bxd2 f5 14. f3 Bf6 15. Bc3 0-0-0 16. e4 Rhe8 17. e5 Be7 18. Ra1 Kb8 19. Ra2 a6 20. Rfa1 Kc7 21. Bf1 Rb8 22. b3 g5 23. Bd3 h5 24. g4 fxg4 25. fxg4 h4 26. Rf2 Rf8 27. Raf1 Rxf2 28. Rxf2 Rf8 29. Be1 Rxf2 30. Kxf2 Nf8 31. Ke3 Kd7 32. h3 Ke8 33. Kd2 Bd8 34. Kc2 Kd7 35. Kc3 Kc8 36. Kb2 Kd7 37. Bd2 Kc8 38. Kc2 Kd7 39. Kd1 Ke8 40. Ke2 Kf7 41. Ke3 Ke7 42. Kf3 Kf7 43. Bc2 Kg7 44. Ke3 Kf7 45. Kd3 Ke8 46. Be1 Kf7 47. Bd1 Ng6 48. Bd2 Nf8 49. Be2 Ng6 50. Kc3 Be7 51. Bf1 Nf8 52. Kb2 Bd8 53. Ka3 Nd7 54. Bd3 Nf8 55. Ka4 Nd7 56. Be1 Nb8 57. Ka3 1/2-1/2

[Event "British Columbia op"]
[Site "Victoria"]
[Date "2009.07.25"]
[Round "3"]
[White "Chen, Howard"]
[Black "Hansen, Eric"]
[Result "0-1"]
[WhiteElo "2192"]
[BlackElo "2472"]
[PlyCount "68"]
[EventDate "2009.07.24"]
[EventType "swiss"]
[EventRounds "5"]
[EventCountry "CAN"]
[SourceTitle "EXT 2011"]
[Source "ChessBase"]
[SourceDate "2010.11.26"]
[SourceVersion "1"]
[SourceVersionDate "2010.11.26"]
[SourceQuality "1"]

1. e4 c5 2. Nf3 e6 3. b3 d6 4. Bb2 Nf6 5. Qe2 Nc6 6. g3 Be7 7. Bg2 0-0 8. 0-0 Bd7 9. c3 Rc8 10. d3 Qb6 11. Nbd2 Qa6 12. a3 e5 13. b4 b5 14. Ne1 Qb6 15. Nc2 Bg4 16. Qe1 a5 17. bxc5 Qxc5 18. Rc1 Qb6 19. Kh1 Nd7 20. Ne3 Nc5 21. Nd5 Qa7 22. Qe3 Rfe8 23. Ba1 Bf8 24. Rb1 Rb8 25. d4 Nd7 26. Qd3 Rec8 27. Ne3 Bh5 28. Rfc1 b4 29. axb4 axb4 30. dxe5 dxe5 31. Ndc4 Nc5 32. Qd5 b3 33. Bb2 Bg6 34. Ra1 Qc7 0-1